| 000 | 00807cam a2200169 a 4500 | ||
|---|---|---|---|
| 020 | _a0821327887 | ||
| 040 | _cDLC | ||
| 082 | 0 | 0 | _a382 WOR 1994 A075 Or. |
| 245 | 0 | 4 |
_aThe effects of protectionism on a small country : _bthe case of Uruguay / |
| 260 |
_aWashington, D.C. : _bWorld Bank, _c1994. |
||
| 300 |
_ax, 172 p. : _bill. ; _c24 cm. |
||
| 520 | 1 | _a"Competently executed series of studies on the distorted trade regime of Uruguay until the late 1980s and the effect of protectionism on a variety of economic outcomes. Topics covered range from the political economy of trade distortions to the sectoral impact of specific regulations. Worth reading"--Handbook of Latin American Studies, v. 57. | |
| 650 | 0 | _aProtectionism | |
| 700 | 1 | _aConnolly, Michael B. | |
| 700 | 1 | _aDe Melo, Jaime. | |
| 942 | _cEK | ||
| 999 |
_c15314 _d15314 |
||